00671 2200229 4500001002100000005001500021035002000036007000300056008003900059020001900098082001000117084001600127100001900143245008800162250001100250260003300261300003900294500001800333650003500351650003500386990002000421INLIS00000000000305020220825083310 a0010-0822000045ta220825 | | |  a978602241337-0 a291.6 a291.6 SUP j0 aSuparno Achmad1 aJangan Lukai Hati Ibu mu :bFigur Ibu Teladan Dalam Sejarah Islam /cSuparno Achmad aCet. 1 aJakarta. :bErlangga,c2013. a164 hlm. :bilus. ;c12,5 x 19 cm. aDaftar Bacaan aEditor, Andriansyah Syahbuddin aDesain Sampul, Yudi Nur Riyadi a15431/P/BL/2022